Zhodnotenie inovatívnych nástrojov využívaných vo fiškálnej politike bakalárska práca

Enregistré dans:
Détails bibliographiques
Auteur principal: Káčerová, Andrea
Collectivité auteur: Národohospodárska fakulta EU. Katedra hospodárskej politiky
Autres auteurs: Morvay, Karol, 1973-
Format: Livre
Langue:slovaque
Publié: Bratislava 2025
Tags: Ajouter un tag
Pas de tags, Soyez le premier à ajouter un tag!

MARC

LEADER 00000nbm a2200000 4500
001 0309202
005 20260204132254.6
041 0 |a slo 
044 |a SK 
245 1 0 |a Zhodnotenie inovatívnych nástrojov využívaných vo fiškálnej politike  |b bakalárska práca  |c Andrea Káčerová ; školiteľ: Karol Morvay 
264 1 |a Bratislava  |c 2025 
300 |a 43 s. 
100 1 |a Káčerová, Andrea 
700 1 |a Morvay, Karol, 1973- 
710 2 |a Národohospodárska fakulta EU. Katedra hospodárskej politiky